000 01182nam0a2200325 4500
001 RU\NLR\bibl\748716
005 20260406030647.0
010 _a5-87468-133-7
_910000
021 _aRU
_b2004-79050
_93900
035 _a(NLR Aleph) 000738521
090 _a807506
_c807506
100 _a20050414d2004 |||y0rusy50 ca
101 0 _arus
102 _aRU
105 _aa |||||||||
200 1 _aЗакон Божий
_eосновы православной веры в изложении для детей
_fсост. С. Куломзиной
210 _aМосква
_cПаломникъ
_d2004
215 _a221, [1] с.
_cил.
_d21
300 _aЗагл. обл.: Закон Божий для детей
512 1 _aЗакон Божий для детей
605 _aЗакон Божий
_92073637
_3RU\NLR\auth\661248560
686 _aЭ372.24-4я71
702 1 _8rus
_7ca
_aКуломзина
_bС. С.
_f1903-2000
_gСофья Сергеевна
_3RU\NLR\auth\77919
_9110955
801 0 _aRU
_bNLR
_c20050414
_grcr
801 1 _aRU
_bNLR
_c20050414
942 _cBOOK
980 _aNB